| Поле | Инд. | ПП | Название | Значение |
|---|---|---|---|---|
| Тип записи | a | |||
| Библиографический уровень | b | |||
| 001 | Контрольный номер | RU/IS/BASE/386693399 | ||
| 005 | Дата корректировки | 20200522191518.9 | ||
| 008 | Кодируемые данные | 20120402 | ||
| 084 | a | Индекс другой классификации/Индекс ББК | 65.291.34 | |
| 100 | 1_ | a | Автор | Магадова С. |
| 245 | a | Заглавие | Эффективность использования клиентоориентированных услуг для населения | |
| 504 | a | Библиография | Библиогр. | |
| 520 | a | Аннотация | Рассмотрены аспекты клиентоориентированности услуг в сфере инвестиций. Особое внимание уделяется маркетинговой стратегии при разработке инвестиционных фондов. | |
| 650 | a | Основная рубрика | маркетинг | |
| a | Основная рубрика | экономика | ||
| a | Основная рубрика | экономика предприятия | ||
| 653 | a | Ключевые слова | инвестиции | |
| a | Ключевые слова | инвестиционные фонды | ||
| a | Ключевые слова | информационные технологии | ||
| a | Ключевые слова | клиентоориентированные услуги | ||
| a | Ключевые слова | консалтинговые услуги | ||
| a | Ключевые слова | логистика | ||
| a | Ключевые слова | маркетинговые коммуникации | ||
| a | Ключевые слова | маркетинговые услуги | ||
| a | Ключевые слова | модульные услуги | ||
| a | Ключевые слова | управление финансами (финансовый менеджмент) | ||
| a | Ключевые слова | финансовый продукт | ||
| a | Ключевые слова | финансы | ||
| a | Ключевые слова | финансы предприятия | ||
| a | Ключевые слова | экспертные услуги | ||
| 773 | t | Заглавие источника | РИСК: ресурсы, информация, снабжение, конкуренция | |
| d | Дата издания источника | 2011 | ||
| g | Прочая информация | № 4. - С. 434 - 438 | ||
| w | Контрольный № источника | RU/IS/BASE/384345860 | ||
| 901 | t | Тип документа | b |